| 000 | 00809cam a2200289 a 4500 | ||
|---|---|---|---|
| 005 | 20260322212016.0 | ||
| 008 | data | ||
| 010 | _a 2011500793 | ||
| 020 | _a9781439195260 (pbk.) | ||
| 020 | _a9780671504205 | ||
| 020 | _a1439195269 | ||
| 040 |
_aDLC _cDLC _dDLC |
||
| 042 | _apcc | ||
| 050 | 0 | 0 |
_aPS3563.A319 _bL6 2010 |
| 082 | 0 | 0 |
_a813/.54 _223 |
| 099 | _aMCMUR L | ||
| 100 | 1 | _aMcMurtry, Larry. | |
| 245 | 1 | 0 |
_aLonesome Dove : _ba novel / _cLarry McMurtry. |
| 250 | _a25th anniversary ed., Simon & Schuster trade pbk. ed. | ||
| 260 |
_aNew York : _bSimon & Schuster Paperbacks, _c2010. |
||
| 300 |
_a858 p. ; _c21 cm. |
||
| 500 | _a"With a new preface by the author"--Cover. | ||
| 650 | 0 |
_aCattle drives _vFiction. |
|
| 650 | 0 |
_aCowboys _vFiction. |
|
| 655 | 7 |
_aWestern stories. _2gsafd |
|
| 001 | data | ||
| 999 |
_c345 _d345 |
||